[Event "London Chess Classic FIDE Open"]
[Site "London ENG"]
[Date "2010.12.15"]
[Round "9"]
[White "Yurenok, Maria S"]
[Black "Spivack, Simon S Y"]
[Result "1/2-1/2"]
[WhiteTitle "WFM"]
[WhiteElo "2071"]
[BlackElo "2189"]
[WhiteFideId "409359"]
[BlackFideId "404780"]
[EventDate "2010.12.08"]

1. d4 g6 2. c4 Bg7 3. Nc3 d6 4. e4 Nc6 5. Be3 e5 6. Nge2 exd4 7. Nxd4 Nf6 8.
Nxc6 bxc6 9. Be2 O-O 10. O-O Re8 11. Bf3 Rb8 12. e5 Rxe5 13. Bxa7 Rxb2 14. Bd4
Ra5 15. Bxc6 Be6 16. Bd5 Bxd5 17. cxd5 Nh5 18. a4 Bxd4 19. Qxd4 Qf6 20. Qxf6
Nxf6 21. Rac1 Nxd5 22. Nxd5 Rxd5 23. Rxc7 Ra5 24. Rd7 Rd2 25. h4 Rxa4 26. g3
Raa2 27. Kg2 h5 28. Kf3 Kg7 29. Ke3 Kf6 30. Rb7 Re2+ 31. Kf3 Re5 32. Rb6 Rd2 33.
Rb4 d5 34. Rf4+ Ke6 35. Ra1 Rd3+ 36. Kg2 Rf5 37. Rfa4 Rd2 38. Ra6+ Ke5 39. Re1+
Kd4 40. Ra4+ Kc3 41. Re3+ Kb2 42. Rf3 Rxf3 43. Kxf3 d4 44. Ra7 Rc2 45. Rxf7 d3
46. Ra7 Kc1 47. Ke3 d2 48. Ra1+ Kb2 49. Rd1 Kc3 50. Ke2 Ra2 51. f3 Rb2 52. g4
hxg4 53. fxg4 Rb4 54. Rxd2 Rxg4 55. Rd3+ 1/2-1/2

[Event "London Chess Classic FIDE Open"]
[Site "London ENG"]
[Date "2010.12.15"]
[Round "9"]
[White "Yeo, Michael J"]
[Black "Obiamiwe, Paul"]
[Result "1-0"]
[WhiteElo "2183"]
[BlackElo "2021"]
[WhiteFideId "402257"]
[BlackFideId "8500215"]
[EventDate "2010.12.08"]

1. e4 e5 2. Nf3 Nc6 3. Bc4 Nf6 4. Ng5 d5 5. exd5 Na5 6. Bb5+ c6 7. dxc6 bxc6 8.
Qf3 Rb8 9. Bd3 h6 10. Ne4 Nd5 11. b3 Nb4 12. Bb2 Nxd3+ 13. cxd3 Qd5 14. Qg3 f6
15. f4 Ba6 16. fxe5 f5 17. Nbc3 Qxd3 18. Qxd3 Bxd3 19. Nf2 Ba6 20. O-O-O Be7 21.
Rhe1 O-O 22. d4 Rfc8 23. Nd3 Nb7 24. Na4 Rd8 25. Ndc5 Nxc5 26. Nxc5 Bxc5 27.
dxc5 Bd3 28. e6 Be4 29. Rd6 Ra8 30. Re3 a6 31. Rg3 g5 32. e7 Rxd6 33. cxd6 Kf7
34. Rh3 Rg8 35. Rxh6 Ke8 36. Rf6 f4 37. Bd4 Bxg2 38. Bc5 Bd5 39. Rf8+ Kd7 40.
e8=Q# 1-0

[Event "London Chess Classic FIDE Open"]
[Site "London ENG"]
[Date "2010.12.15"]
[Round "9"]
[White "Heaton, Paul"]
[Black "Gavriel, Tryfon C"]
[Result "0-1"]
[WhiteElo "2029"]
[BlackElo "2170"]
[WhiteFideId "411116"]
[BlackFideId "403105"]
[EventDate "2010.12.08"]

1. c4 g6 2. g3 Bg7 3. Bg2 e5 4. e4 b5 5. cxb5 a6 6. bxa6 Bxa6 7. Nc3 Nc6 8. a3
Bd3 9. Bf1 Bxf1 10. Kxf1 Nge7 11. d3 d5 12. Nf3 O-O 13. Kg2 d4 14. Nb1 h6 15. h4
h5 16. Nbd2 Qb8 17. Nc4 f5 18. Ng5 fxe4 19. Nxe4 Nd5 20. Bg5 Qc8 21. Ncd2 Rb8
22. b4 Nc3 23. Qb3+ Kh8 24. Nxc3 dxc3 25. Ne4 Nd4 26. Qxc3 Qf5 27. Ra2 Qf3+ 28.
Kh2 c5 29. Rc1 cxb4 30. axb4 Ne2 31. Rxe2 Qxe2 32. Re1 Rxf2+ 33. Nxf2 Qxf2+ 34.
Kh3 e4 35. Qd2 Qf5+ 36. Kh2 exd3 37. Re3 Qg4 38. Rxd3 Rxb4 39. Qe1 Kh7 40. Re3
Rb2+ 0-1

[Event "London Chess Classic FIDE Open"]
[Site "London ENG"]
[Date "2010.12.15"]
[Round "9"]
[White "Wernet, Andreas"]
[Black "Ernst, Michael"]
[Result "0-1"]
[WhiteElo "1978"]
[BlackElo "2169"]
[WhiteFideId "24677787"]
[BlackFideId "1618393"]
[EventDate "2010.12.08"]

1. e4 e6 2. d4 d5 3. e5 c5 4. c3 Nc6 5. Nf3 Qb6 6. a3 Nh6 7. Bxh6 Qxb2 8. Bc1
Qxa1 9. Bd3 Bd7 10. Ng5 cxd4 11. cxd4 Qxd4 12. Nxf7 Nxe5 13. Nd6+ Ke7 14. Nf5+
exf5 15. O-O Qxd3 0-1

[Event "London Chess Classic FIDE Open"]
[Site "London ENG"]
[Date "2010.12.15"]
[Round "9"]
[White "Quinn, John M"]
[Black "Phillips, Owen S"]
[Result "1-0"]
[WhiteElo "2149"]
[BlackElo "1996"]
[WhiteFideId "405043"]
[BlackFideId "417882"]
[EventDate "2010.12.08"]

1. d4 b6 2. c4 f5 3. Nc3 Bb7 4. d5 Nf6 5. Bg5 g6 6. h4 h6 7. Bxf6 exf6 8. h5 d6
9. hxg6 Qe7 10. Nh3 Qe5 11. e3 Nd7 12. Nf4 Nc5 13. g7 Bxg7 14. Ng6 O-O-O 15.
Nxe5 fxe5 16. Qh5 Rdf8 17. O-O-O Kb8 18. Be2 Bc8 19. g4 f4 20. Bd3 Bf6 21. Ne4
Nxe4 22. Bxe4 Bg5 23. Kb1 fxe3 24. fxe3 Bxe3 25. Qh3 Bf4 26. Bf5 Ba6 27. Qb3 Bb7
28. Rh5 Rhg8 29. Rdh1 Rf6 30. a4 a5 31. Rf1 Bd2 32. Qd3 Bg5 33. Be6 Rgf8 34. Rf5
Ba6 35. Rh3 Ka7 36. Rhf3 Bb7 37. Rxf6 Rxf6 38. Rxf6 Bxf6 39. Qh7 Bg5 40. Qxc7 1-0

[Event "London Chess Classic FIDE Open"]
[Site "London ENG"]
[Date "2010.12.15"]
[Round "9"]
[White "McKerracher, Douglas"]
[Black "Mcintyre, Paul"]
[Result "1/2-1/2"]
[WhiteElo "1940"]
[BlackElo "2119"]
[WhiteFideId "2401002"]
[BlackFideId "412988"]
[EventDate "2010.12.08"]

1. e4 c5 2. Nc3 Nc6 3. g3 g6 4. Bg2 Bg7 5. d3 d6 6. f4 Nf6 7. Nf3 O-O 8. O-O Rb8
9. h3 b5 10. Be3 b4 11. Ne2 a5 12. Rb1 Bb7 13. g4 Nd7 14. Ng3 Nd4 15. Rf2 a4 16.
Bxd4 cxd4 17. b3 Qa5 18. g5 e6 19. h4 axb3 20. axb3 Qc5 21. Rc1 Ba8 22. Nh2 f5
23. gxf6 Nxf6 24. Bh3 Rbe8 25. Ra1 Bb7 26. Ng4 Nh5 27. Ne2 Kh8 28. Qd2 Bc6 29.
Raf1 Bd7 30. Kh2 Rc8 31. Ng1 Rc7 32. Ra1 Rfc8 33. Ra2 Qc6 34. Qe2 Rf8 35. e5 d5
36. Qf1 Bc8 37. Ne2 Qc5 38. Ng3 Qe7 39. Ne2 Qc5 40. Rf3 Rcf7 41. Qf2 Qe7 1/2-1/2

[Event "London Chess Classic FIDE Open"]
[Site "London ENG"]
[Date "2010.12.15"]
[Round "9"]
[White "Malhotra, Tarun"]
[Black "Millward, Richard"]
[Result "1-0"]
[WhiteElo "1913"]
[BlackElo "2107"]
[WhiteFideId "5020549"]
[BlackFideId "405698"]
[EventDate "2010.12.08"]

1. e4 c5 2. Nf3 Nc6 3. d4 cxd4 4. Nxd4 e5 5. Nb5 a6 6. Nd6+ Bxd6 7. Qxd6 Qf6 8.
Qxf6 Nxf6 9. Nc3 Nb4 10. Bd3 d5 11. exd5 Nfxd5 12. Nxd5 Nxd5 13. a3 O-O 14. O-O
Kh8 15. c4 Nf6 16. b4 e4 17. Be2 Be6 18. Bf4 Rfd8 19. a4 h6 20. Rfc1 Bg4 21.
Bxg4 Nxg4 22. h3 Nf6 23. b5 Nd7 24. Be3 Ne5 25. Rc3 f5 26. Rb1 axb5 27. Rxb5 Nd3
28. Rxb7 Rxa4 29. Bb6 Re8 30. c5 Ra1+ 31. Kh2 Nxf2 32. c6 Nd1 33. Rg3 g5 34.
Bd4+ Kg8 35. Bxa1 Rc8 36. Ra3 1-0

[Event "London Chess Classic FIDE Open"]
[Site "London ENG"]
[Date "2010.12.15"]
[Round "9"]
[White "Sreeves, Clement"]
[Black "Jones, Steven"]
[Result "0-1"]
[WhiteElo "2104"]
[BlackElo "1801"]
[WhiteFideId "2402564"]
[BlackFideId "419630"]
[EventDate "2010.12.08"]

1. e4 c5 2. Nf3 Nc6 3. d4 cxd4 4. Nxd4 Nf6 5. Nc3 e5 6. Ndb5 d6 7. Bg5 a6 8. Na3
b5 9. Nd5 Be7 10. Bxf6 Bxf6 11. c4 b4 12. Nc2 a5 13. Be2 Bg5 14. O-O O-O 15. Qd3
Kh8 16. Bf3 Be6 17. Rfd1 Rb8 18. b3 Qd7 19. Qe2 Qa7 20. Rd3 g6 21. Rad1 Rbd8 22.
a3 bxa3 23. Nc3 Qb8 24. Nb5 Nb4 25. Rxd6 a2 26. Nxb4 Rxd6 27. Nxd6 Qxb4 28. Qxa2
Rd8 29. Qa1 Bf6 30. Nb5 Qxb3 31. Rxd8+ Bxd8 32. Qxe5+ f6 33. Qd4 Be7 34. Bd1
Qxc4 35. Qxc4 Bxc4 36. Nc3 Bc5 37. g3 Bd4 38. Ne2 Bb2 39. Kf1 Bb5 40. Bb3 a4 41.
Ba2 Bc3 42. f3 Kg7 43. Kf2 Bb4 44. Ke3 Kf8 45. Nf4 Bc5+ 46. Kd2 Bg1 47. h3 Bh2
48. Ne2 Bxe2 49. Kxe2 Bxg3 50. Ke3 Ke7 51. f4 Kd6 52. Kf3 Be1 53. f5 g5 54. Kg4
a3 55. Bb3 Bc3 0-1

[Event "London Chess Classic FIDE Open"]
[Site "London ENG"]
[Date "2010.12.15"]
[Round "9"]
[White "Mcgowan, Daniel"]
[Black "Hayward, Alan"]
[Result "1/2-1/2"]
[WhiteElo "2082"]
[BlackElo "1979"]
[WhiteFideId "2401479"]
[BlackFideId "415936"]
[EventDate "2010.12.08"]

1. e4 d5 2. exd5 Nf6 3. d4 Bg4 4. Be2 Bxe2 5. Qxe2 Qxd5 6. Nf3 Nc6 7. O-O e6 8.
c3 Bd6 9. Nbd2 h6 10. Nc4 O-O-O 11. Nxd6+ cxd6 12. Be3 g5 13. c4 Qe4 14. Rfd1 g4
15. Ne1 Nh5 16. Qd3 Qxd3 17. Nxd3 Kb8 18. Rac1 Ng7 19. d5 exd5 20. cxd5 Ne7 21.
Bd4 Nef5 22. Bxg7 Nxg7 1/2-1/2

[Event "London Chess Classic FIDE Open"]
[Site "London ENG"]
[Date "2010.12.15"]
[Round "9"]
[White "McKenna, Jason P"]
[Black "Mollison, Jamie"]
[Result "1/2-1/2"]
[WhiteElo "2081"]
[BlackElo "1906"]
[WhiteFideId "403857"]
[BlackFideId "2402300"]
[EventDate "2010.12.08"]

1. e4 c5 2. Nf3 d6 3. d4 cxd4 4. Nxd4 Nf6 5. Nc3 a6 6. g3 e6 7. Bg2 Nc6 8. Nxc6
bxc6 9. e5 Nd5 10. exd6 Qxd6 11. O-O Bb7 12. Ne4 Qd8 13. c4 Nf6 14. Qb3 Qc8 15.
Nxf6+ gxf6 16. Qc3 Be7 17. Bh6 e5 18. Rfe1 Qc7 19. Rad1 Rg8 20. c5 Rd8 21. Rxd8+
Qxd8 22. Be4 Qd7 23. Qc2 Qc7 24. Bxh7 Rg4 25. Bf5 Rg8 26. h3 Rh8 27. Be3 Bc8 28.
Qe4 Rh5 29. Bxc8 Qxc8 30. Qg4 Qxg4 31. hxg4 Rh8 32. Kg2 Kd7 33. f4 Rb8 34. b3
Rb5 35. Rd1+ Kc7 36. Rc1 a5 37. Rc4 Kd7 38. Kf3 Ke6 39. Ke4 Bf8 40. Bf2 Be7 41.
Be3 Bf8 42. f5+ Ke7 43. g5 fxg5 44. Bxg5+ f6 45. Be3 Kf7 46. Kd3 Be7 47. Kc3 Ke8
48. a4 Rb7 49. b4 Bd8 50. Bd2 axb4+ 51. Kb3 Rd7 52. Bxb4 Rd3+ 53. Rc3 Rd1 54. g4
Rb1+ 55. Kc4 Rg1 56. Rd3 Rxg4+ 57. Kc3 Bc7 58. a5 e4 59. Re3 Be5+ 60. Kc4 Kd7
61. Bc3 Rf4 62. Bxe5 fxe5 63. a6 Kc7 64. Rh3 Rxf5 65. a7 Kb7 66. Rh7+ Ka8 67.
Rh6 e3 68. Kd3 e4+ 69. Kxe3 Rxc5 1/2-1/2

[Event "London Chess Classic FIDE Open"]
[Site "London ENG"]
[Date "2010.12.15"]
[Round "9"]
[White "Kane, Robert"]
[Black "Schweitzer, Werner"]
[Result "0-1"]
[WhiteElo "1875"]
[BlackElo "2115"]
[WhiteFideId "420468"]
[BlackFideId "1622927"]
[EventDate "2010.12.08"]

1. e4 c6 2. d4 d5 3. exd5 cxd5 4. Bd3 Nc6 5. c3 Qc7 6. h3 g6 7. Nf3 Nh6 8. Qb3
e6 9. g4 Bg7 10. Be3 Bd7 11. Nbd2 Na5 12. Qc2 Ng8 13. g5 Ne7 14. h4 Nac6 15. a3
Nf5 16. O-O-O O-O-O 17. Nf1 Kb8 18. Kb1 Rhe8 19. Ka1 Ka8 20. Be2 Rc8 21. h5 Qb6
22. hxg6 hxg6 23. Ng3 Ncxd4 24. Nxd4 Nxd4 25. Qd3 Nb3+ 26. Ka2 Nc5 27. Bxc5 Rxc5
28. Rh7 Rg8 29. Qf3 Be8 30. Rdh1 Rc8 31. R1h4 d4 32. cxd4 Bxd4 33. Qb3 Bxf2 34.
Qf3 Bc6 35. Qd3 Rgd8 36. Rh8 Rxh8 37. Rxh8 0-1

[Event "London Chess Classic FIDE Open"]
[Site "London ENG"]
[Date "2010.12.15"]
[Round "9"]
[White "Lang, Alexander"]
[Black "Haria, Ravi"]
[Result "1-0"]
[WhiteElo "2079"]
[BlackElo "1952"]
[WhiteFideId "4645588"]
[BlackFideId "415820"]
[EventDate "2010.12.08"]

1. d4 Nf6 2. Bf4 g6 3. e3 Bg7 4. Nf3 O-O 5. Be2 d6 6. h3 c5 7. c3 Be6 8. O-O Qb6
9. Nbd2 Nc6 10. Qb1 Rac8 11. Ng5 Bd7 12. Nc4 Qd8 13. Rd1 cxd4 14. exd4 Bf5 15.
Bd3 Bxd3 16. Qxd3 Nd5 17. Bd2 Qc7 18. Ne3 Nxe3 19. Bxe3 d5 20. Nf3 e6 21. Qd2
Rfd8 22. Bh6 Bh8 23. Bf4 Qb6 24. h4 h5 25. Re1 a5 26. Bg3 Rd7 27. Rab1 Qd8 28.
Bf4 Bf6 29. Bg5 Bxg5 30. Nxg5 Qf6 31. Re3 Ne7 32. g3 Nf5 33. Re2 Rc6 34. Rf1
Rdc7 35. Kg2 a4 36. a3 Kg7 37. Rfe1 Rb6 38. Qf4 Nd6 39. Qc1 Nc4 40. Nh3 Rcc6 41.
Nf4 Qf5 42. Rd1 Rb3 43. Nd3 Rcb6 44. Nb4 Rd6 45. Nd3 Rdb6 46. Nb4 Rd6 47. Rde1
Rd8 48. Rc2 Rc8 49. Rce2 Rc7 50. Qd1 Kf6 51. Nd3 b6 52. Ne5 Kg7 53. Nd3 Ra7 54.
Nc1 Rb5 55. Nd3 Rb3 56. Nb4 Rc7 57. Nd3 Ra7 58. Ne5 Rc7 59. Qc1 Qf6 60. Qd1 Qf5 1-0

[Event "London Chess Classic FIDE Open"]
[Site "London ENG"]
[Date "2010.12.15"]
[Round "9"]
[White "Ponting, Andrew"]
[Black "Burke, John S"]
[Result "1/2-1/2"]
[WhiteElo "1860"]
[BlackElo "2078"]
[WhiteFideId "416487"]
[BlackFideId "404322"]
[EventDate "2010.12.08"]

1. d4 Nf6 2. c4 c5 3. d5 e5 4. Nc3 d6 5. Nf3 Be7 6. h3 Nbd7 7. g4 h5 8. g5 Nh7
9. Rg1 Ndf8 10. Qc2 Ng6 11. Ne4 h4 12. Bd2 Bd7 13. a4 Qc8 14. b4 b6 15. a5 O-O
16. a6 Bf5 17. e3 cxb4 18. Bxb4 Qd7 19. Bd3 Kh8 20. Ned2 Bxd3 21. Qxd3 Qxh3 22.
Ke2 Kg8 23. Rh1 Qg4 24. Rag1 Qh5 25. Qf5 f6 26. Qe6+ Rf7 27. gxf6 Nxf6 28. Rg5
Qh6 29. Rhg1 Nf8 30. Qh3 N6h7 31. R5g4 Rd8 32. Ne4 Rd7 33. Neg5 Nxg5 34. Nxg5
Bxg5 35. Rxg5 Qf6 36. Qxh4 Nh7 37. Rh5 Qxh4 38. Rxh4 Nf6 39. Rgh1 Kf8 40. f4
exf4 41. Rxf4 Ke7 42. e4 Ne8 43. Rhf1 Rxf4 44. Rxf4 Kd8 45. Rf8 Ke7 46. Rh8 Kd8
47. Kd3 g5 48. Rg8 g4 49. Rxg4 Rh7 50. Rg8 Kd7 51. Rf8 Rg7 52. Bc3 Rh7 53. e5
dxe5 54. Bxe5 Rh3+ 55. Kd4 Rh4+ 56. Kc3 Nd6 57. Bxd6 Kxd6 58. Rd8+ Kc5 59. Rc8+
Kd6 60. Kb4 Rh1 1/2-1/2

[Event "London Chess Classic FIDE Open"]
[Site "London ENG"]
[Date "2010.12.15"]
[Round "9"]
[White "Nelson, Omowale"]
[Black "Marshall, Michael"]
[Result "1-0"]
[WhiteElo "2063"]
[BlackElo "1878"]
[WhiteFideId "7400209"]
[BlackFideId "1409956"]
[EventDate "2010.12.08"]

1. d4 Nf6 2. c4 e6 3. Nc3 Bb4 4. Qc2 Nc6 5. Nf3 d6 6. a3 Bxc3+ 7. Qxc3 a5 8. Bg5
h6 9. Bh4 Qe7 10. e3 g5 11. Bg3 Ne4 12. Qc2 Nxg3 13. hxg3 e5 14. d5 Nb8 15. Bd3
Qf6 16. Rb1 a4 17. c5 Nd7 18. cxd6 cxd6 19. Qc7 O-O 20. O-O Nc5 21. Bb5 Qd8 22.
Qxd8 Rxd8 23. Rbc1 Ra5 24. Bc4 Bd7 25. Nd2 Raa8 26. f4 gxf4 27. gxf4 e4 28. f5
Re8 29. Rf4 Re5 30. f6 b5 31. Bf1 Rae8 32. Nb1 Rxd5 33. Nc3 Rd2 34. Nxb5 Kh7 35.
Nxd6 Rxd6 36. Rxc5 Kg6 37. Rc7 Bc6 38. Bc4 Bd5 39. Bb5 Rb8 40. Rc5 Be6 41. Rxe4
Kxf6 42. Rxa4 Rd1+ 43. Kh2 Rd2 44. Rf4+ Ke7 45. b4 Rg8 46. Bf1 Ra2 47. Ra5 h5
48. a4 Rh8 49. Kg3 Rg8+ 50. Kf3 Bg4+ 51. Ke4 Rb2 52. Re5+ Be6 53. Rb5 Rg3 54.
Kd4 Kd6 55. Rb6+ Kc7 56. a5 Rd2+ 57. Kc3 Ra2 58. Re4 Ra1 59. Bc4 Rc1+ 60. Kd3
Bf5 61. Kd2 1-0

[Event "London Chess Classic FIDE Open"]
[Site "London ENG"]
[Date "2010.12.15"]
[Round "9"]
[White "Calvert, D Ian"]
[Black "Lappas, Konstantinos"]
[Result "1/2-1/2"]
[WhiteElo "1981"]
[BlackElo "1858"]
[WhiteFideId "406368"]
[BlackFideId "4275748"]
[EventDate "2010.12.08"]

1. b3 d5 2. Bb2 e6 3. Nf3 Nf6 4. e3 Bd6 5. d4 O-O 6. Nbd2 Nbd7 7. Bd3 Qe7 8. Ne5
Ne8 9. O-O g6 10. e4 f6 11. Nef3 c6 12. Re1 Qf7 13. c4 Ng7 14. a3 a5 15. exd5
exd5 16. Nf1 Re8 17. Rxe8+ Nxe8 18. Ne3 Nf8 19. cxd5 cxd5 20. Nxd5 Be6 21. Nb6
Bxb3 22. Qd2 Ra7 23. Nc8 Ra8 24. Nb6 Ra7 25. Nc8 1/2-1/2

[Event "London Chess Classic FIDE Open"]
[Site "London ENG"]
[Date "2010.12.15"]
[Round "9"]
[White "Larsen, Tor Ketil"]
[Black "Chidi, Lovinia Sylvia"]
[Result "1-0"]
[WhiteElo "1980"]
[BlackElo "1814"]
[WhiteFideId "1508130"]
[BlackFideId "1270574"]
[EventDate "2010.12.08"]

1. e4 c5 2. Nc3 d6 3. g3 g6 4. Bg2 Nc6 5. d3 Bg7 6. Be3 e6 7. Qd2 Nge7 8. Bh6
Bxh6 9. Qxh6 Nd4 10. Qd2 Bd7 11. f4 Bc6 12. Nd1 Nb5 13. a4 Nc7 14. Nf3 Qd7 15.
b3 f6 16. Nf2 h5 17. Qc3 Rf8 18. O-O b6 19. Bh3 f5 20. Ng5 O-O-O 21. Nh7 d5 22.
Nxf8 Rxf8 23. Rad1 d4 24. Qe1 a5 25. Bg2 Ng8 26. Qe2 Nf6 27. h3 Qg7 28. Qd2 h4
29. g4 fxg4 30. hxg4 Rh8 31. Bh3 Kb7 32. Rc1 Nd7 33. Nd1 Qh6 34. Nb2 Rf8 35. Nc4
Qg7 36. Rf2 Qe7 37. Rcf1 Ka7 38. Kh2 Bb7 39. c3 Ba6 40. cxd4 cxd4 41. Rc1 Nc5
42. Ne5 Qd6 43. Rb1 g5 44. Nc4 Bxc4 45. e5 Qe7 46. bxc4 N7a6 47. Rbf1 Qc7 48.
Kh1 Nb4 49. fxg5 Rxf2 50. Qxf2 Qxe5 51. Qf7+ Ka6 52. Qe8 Nc6 53. Qxc6 Qb8 54.
Qb5+ Ka7 55. Rf7+ 1-0

[Event "London Chess Classic FIDE Open"]
[Site "London ENG"]
[Date "2010.12.15"]
[Round "9"]
[White "Warman, Simon M"]
[Black "Caorlin, Marco"]
[Result "0-1"]
[WhiteElo "2099"]
[BlackElo "1849"]
[WhiteFideId "408867"]
[BlackFideId "1317849"]
[EventDate "2010.12.08"]

1. e4 c5 2. f4 d5 3. Bb5+ Bd7 4. Bxd7+ Qxd7 5. exd5 Nf6 6. Nf3 Nxd5 7. Ne5 Qd6
8. O-O Nc6 9. Na3 Nxe5 10. fxe5 Qd7 11. Qf3 e6 12. d3 g6 13. c4 Nb4 14. Bg5 Bg7
15. Bf6 Bxf6 16. Qxf6 O-O 17. Nb5 Rad8 18. Nd6 Nc2 19. Rac1 Ne3 20. Rf4 Nf5 21.
Ne4 Qxd3 22. Rcf1 Qe3+ 23. Kh1 Qxf4 0-1

[Event "London Chess Classic FIDE Open"]
[Site "London ENG"]
[Date "2010.12.15"]
[Round "9"]
[White "Jones, Chris S"]
[Black "Owen, Dennis"]
[Result "1/2-1/2"]
[WhiteElo "1848"]
[BlackElo "2045"]
[WhiteFideId "414905"]
[BlackFideId "470830"]
[EventDate "2010.12.08"]

1. e4 e5 2. Nf3 d6 3. d4 exd4 4. Nxd4 Bd7 5. Bc4 Nf6 6. Nc3 Nc6 7. Nf3 Be7 8.
O-O O-O 9. h3 Be6 10. Bb3 Bxb3 11. axb3 Qd7 12. Bg5 Rad8 13. Re1 Ne8 14. Bxe7
Qxe7 15. Nd5 1/2-1/2

[Event "London Chess Classic FIDE Open"]
[Site "London ENG"]
[Date "2010.12.15"]
[Round "9"]
[White "Costello, Colin A"]
[Black "Cork, David J"]
[Result "1-0"]
[WhiteElo "1977"]
[BlackElo "1841"]
[WhiteFideId "403580"]
[BlackFideId "409723"]
[EventDate "2010.12.08"]

1. c4 e5 2. g3 Nc6 3. Bg2 b6 4. Nc3 Bb7 5. Nf3 Nf6 6. O-O Be7 7. Nxe5 Nxe5 8.
Bxb7 Rb8 9. Bg2 Nxc4 10. Qa4 Nd6 11. e4 Nc8 12. e5 Nh5 13. g4 b5 14. Qe4 f5 15.
Qxf5 g6 16. Qe4 Ng7 17. d4 O-O 18. Bh6 Bg5 19. Bxg7 Kxg7 20. f4 Be7 21. f5 gxf5
22. gxf5 Bg5 23. f6+ Kh8 24. Rf5 Bd2 25. Rh5 Rf7 26. Qd3 Bxc3 27. bxc3 b4 28.
Bd5 1-0

[Event "London Chess Classic FIDE Open"]
[Site "London ENG"]
[Date "2010.12.15"]
[Round "9"]
[White "Phillips, William"]
[Black "Veznik, Michael"]
[Result "1-0"]
[WhiteElo "1977"]
[BlackElo "1819"]
[WhiteFideId "414344"]
[BlackFideId "360287"]
[EventDate "2010.12.08"]

1. d4 Nf6 2. Nf3 g6 3. Nc3 Bg7 4. e4 d6 5. Bc4 O-O 6. Qe2 Nbd7 7. e5 dxe5 8.
dxe5 Ng4 9. e6 Nde5 10. Nxe5 Nxe5 11. exf7+ Nxf7 12. Bd2 c6 13. O-O-O Qc7 14. h4
b5 15. Bb3 a5 16. h5 e5 17. hxg6 hxg6 18. Qe4 Bf5 19. Qh4 Rfe8 20. g4 Be6 21.
Ne4 Bxb3 22. axb3 Qe7 23. g5 Red8 24. Qh7+ Kf8 25. Qxg6 Nd6 26. Nf6 Qf7 27.
Qxf7+ Kxf7 28. Bc3 Bxf6 29. gxf6 Ne4 30. Bxe5 Rxd1+ 31. Rxd1 Nxf2 32. Rd7+ Kg6
33. Rg7+ Kf5 34. f7 Rd8 35. Kb1 Ke6 36. Bd4 Ne4 37. Rg8 Ke7 38. Rxd8 1-0

[Event "London Chess Classic FIDE Open"]
[Site "London ENG"]
[Date "2010.12.15"]
[Round "9"]
[White "McKenna, John R"]
[Black "Boger, Raymond"]
[Result "0-1"]
[WhiteElo "1669"]
[BlackElo "1952"]
[WhiteFideId "406180"]
[BlackFideId "1507419"]
[EventDate "2010.12.08"]

1. d4 g6 2. Nf3 Bg7 3. e4 d6 4. c3 Nc6 5. Be2 e5 6. O-O Nh6 7. dxe5 dxe5 8.
Qxd8+ Kxd8 9. Na3 f6 10. Nc4 Nf7 11. Ne3 Ne7 12. Rd1+ Bd7 13. Nd5 Nd6 14. Nxe7
Kxe7 15. Nd2 Bh6 16. f3 Be6 17. b3 Rad8 18. Ba3 Be3+ 19. Kf1 f5 20. Bd3 c5 21.
Ke2 Bxd2 22. Rxd2 fxe4 23. Bxe4 b6 24. Rad1 Nxe4 25. Rxd8 Nxc3+ 26. Kf1 Rxd8 0-1

[Event "London Chess Classic FIDE Open"]
[Site "London ENG"]
[Date "2010.12.15"]
[Round "9"]
[White "Miu, Marinel"]
[Black "Schmitz, Tim"]
[Result "1/2-1/2"]
[WhiteElo "1582"]
[BlackElo "1934"]
[WhiteFideId "1220691"]
[BlackFideId "1270221"]
[EventDate "2010.12.08"]

1. Nf3 d5 2. e3 Nf6 3. b3 Bf5 4. Bb2 e6 5. Be2 Bd6 6. O-O Nbd7 7. d4 h6 8. c4 c6
9. c5 Bc7 10. b4 Qb8 11. Qb3 e5 12. dxe5 Nxe5 13. Nbd2 O-O 14. Nd4 Bh7 15. f4
Ned7 16. Bd3 Bxd3 17. Qxd3 a5 18. a3 Re8 19. Rf3 axb4 20. axb4 Rxa1+ 21. Bxa1
Qa8 22. Qc3 Qa4 23. Nf5 Qd1+ 24. Nf1 Kh7 25. Rg3 Rg8 26. Bb2 g6 27. Nxh6 Kxh6
28. Rh3+ Nh5 29. Kf2 Bd8 30. Qd2 Qxd2+ 31. Nxd2 Bf6 32. Bc1 Bc3 33. g4 Bxb4 34.
gxh5 gxh5 35. Nf1 Nxc5 36. Kf3 Nd3 37. Bd2 Bxd2 38. Nxd2 b5 39. Nf1 b4 40. Ng3
b3 41. Rxh5+ Kg7 42. Rg5+ Kf8 43. Rxg8+ Kxg8 44. Ne2 Nb4 45. Nc3 Na2 46. Na4 Nc1
47. Nc3 b2 48. Kf2 Na2 49. Nb1 Kg7 50. Ke2 Nb4 51. Kd2 c5 52. Kc3 Kf6 53. Kxb2
d4 54. exd4 cxd4 55. Kb3 Nc6 56. Kc4 Kf5 57. Kd5 Ne7+ 58. Kxd4 1/2-1/2

[Event "London Chess Classic FIDE Open"]
[Site "London ENG"]
[Date "2010.12.15"]
[Round "9"]
[White "Vachtfeidl, Petr"]
[Black "Bratteteig, Tore-Inge"]
[Result "1-0"]
[WhiteElo "2038"]
[BlackElo "1656"]
[WhiteFideId "315028"]
[BlackFideId "1510711"]
[EventDate "2010.12.08"]

1. e4 e6 2. d4 d5 3. Nc3 dxe4 4. Nxe4 Nd7 5. Nf3 Ngf6 6. Bd3 Be7 7. Qe2 Nxe4 8.
Bxe4 Nf6 9. Bxb7 Bxb7 10. Qb5+ Nd7 11. Qxb7 O-O 12. O-O Bd6 13. b3 Qe7 14. Bb2
f5 15. Rfe1 g5 16. Rad1 h5 17. Ne5 Nxe5 18. dxe5 Bc5 19. Qf3 Qf7 20. Bd4 Bb6 21.
c4 c5 22. Bc3 Rad8 23. a3 Kh7 24. b4 cxb4 25. axb4 Kg6 26. c5 Bc7 27. Qb7 Bb8
28. Qc6 Rfe8 29. Rd6 Bxd6 30. exd6 Qd7 31. b5 Qf7 32. Qa6 Qd7 33. Be5 Rb8 34. c6
Qc8 35. Qxc8 Rexc8 36. d7 1-0